000 00972ntm a2200265 a 4500
001 75378
003 BD-RjUL
005 20211209082659.0
008 190330s2015 bg a|||| m|b| 00| 0 eng d
035 _a(BD-RjUL)75596
040 _aBD-RjUL
_beng
_cBD-RjUL
_dBD-RjUL
041 _aeng
082 _223
_a571.8015195
_bSHP 2015
100 1 _aShahin, Md. Abu
_9229805
245 1 0 _aPrediction of final Stature from a new 3D Two-Stage Growth Model /
_cSubmitted by Md. Abu Shahin
_6Supervisor: Md. Ayub Ali
260 _aRajshahi :
_bDepartment of Statistics, University of Rajshahi,
_c2015
300 _axvi, 148 leaves :
_bIll. ;
_c30 cm.
502 _aThesis (Ph. D.) -- Department of Statistics, University of Rajshahi, 2015
504 _aBibliography: leaves 125-135
650 _aHuman growth
_xMathematical models
_9229810
650 _aBiostatitics
_9229811
650 _aBiometrics
_9229812
700 _aAli, Md. Ayub, Supervisor
_9229806
942 _2ddc
_cTHE
999 _c75378
_d75378